000 00343 a2200169 4500
001 185697
020 _a85-329-0138-7
040 _cMagnum
100 _aCoelho, Ronaldo Simões
240 1 0 _aMacaquinho
_lpor
245 1 0 _aMacaquinho
300 _a14
362 0 _a2005
440 1 _a
697 _aLITERATURA INFANTIL
942 _cBK
999 _c185697
_d185697